Welcome to the Holygrace Academy Library

Please use search bar below to get started

DICTIONARY OF ZOOLOGY (Record no. 1357)

MARC details
000 -LEADER
fixed length control field 00296nam a22001337a 4500
020 ## - INTERNATIONAL STANDARD BOOK NUMBER
ISBN 81-7564-136-3
082 ## - DEWEY DECIMAL CLASSIFICATION NUMBER
Classification number 591
Item number TUL/S
100 ## - MAIN ENTRY--AUTHOR NAME
Personal name TULI, S.K
245 ## - TITLE STATEMENT
Title DICTIONARY OF ZOOLOGY
260 ## - PUBLICATION, DISTRIBUTION, ETC. (IMPRINT)
Place of publication DELHI
Name of publisher SAHNI PUBLICATIONS
300 ## - PHYSICAL DESCRIPTION
Number of Pages 359
650 ## - SUBJECT ADDED ENTRY--TOPICAL TERM
Topical Term BIOLOGY REFERENCE
Geographic subdivision INDIA
942 ## - ADDED ENTRY ELEMENTS (KOHA)
Koha item type Books
Holdings
Withdrawn status Lost status Collection code Home library Current library Shelving location Date acquired Source of acquisition Cost, normal purchase price Full call number Accession Number Koha item type
    Reference Main Library Main Library SHELF-5 D REFERENCEBIOLOGY 06/04/2006 purchase 100.00 591 TUL/S 02312 Books